Niektorí to nemusia prežiť
Spoločnosti zastrešujúce prepravu tovaru sú v úzkych. Rekordná úroveň cien pohonných látok a zastavenie pozemného tranzitu predstavujú v súčasnosti kľúčový problém logistiky. Riešením môžu byť sankcie uvalené na Rusko. Slovenská schéma pomoci na podporu dopravy.
Salvato in:
| Autore principale: | |
|---|---|
| Natura: | Capitolo di libro |
| Lingua: | slovacco |
| Soggetti: | |
| Tags: |
Nessun Tag, puoi essere il primo ad aggiungerne!!
|
MARC
| LEADER | 00000naa a2200000 4500 | ||
|---|---|---|---|
| 001 | 0287674 | ||
| 005 | 20240417075213.7 | ||
| 041 | 0 | |a slo | |
| 044 | |a SK | ||
| 245 | 1 | 0 | |a Niektorí to nemusia prežiť |c Gabriela Alenová |
| 520 | |a Spoločnosti zastrešujúce prepravu tovaru sú v úzkych. Rekordná úroveň cien pohonných látok a zastavenie pozemného tranzitu predstavujú v súčasnosti kľúčový problém logistiky. Riešením môžu byť sankcie uvalené na Rusko. Slovenská schéma pomoci na podporu dopravy. | ||
| 610 | 2 | 0 | |a vojny |
| 610 | 2 | 0 | |a preprava |
| 610 | 2 | 0 | |a logistika |
| 610 | 2 | 0 | |a palivá |
| 610 | 2 | 0 | |a služby donáškové |
| 610 | 2 | 0 | |a služby kuriérske |
| 610 | 2 | 0 | |a služby logistické |
| 100 | 1 | |a Alenová, Gabriela | |